| 000 | 01102nas a2200313 i 4500 | ||
|---|---|---|---|
| 001 | 54713 | ||
| 003 | SpMaBN | ||
| 005 | 20250217134822.0 | ||
| 008 | 190222d19601985sp a| |uuub||pa d | ||
| 022 | _a2486-5834 | ||
| 080 | _a61:061.62(460.27 M.) | ||
| 110 | 2 |
_aFundación Jiménez Díaz. _94335 |
|
| 245 | 1 | 0 |
_aFundación Jiménez Díaz _b: [memoria] : ... aniversario de la fundación del Instituto de Investigaciones Médicas "Clinica de Nuestra Señora de la Concepción". |
| 260 |
_aMadrid : _bInstituto de Investigaciones Médicas, _c[1960-1985] |
||
| 300 |
_a7 v. ; _c24 cm. |
||
| 310 | _aAnual | ||
| 500 | _aA partir de 1974 tít. del lomo: Memoria. | ||
| 590 | 0 | _aXXXII aniversario (1967) | |
| 610 | 2 |
_aFundación Jiménez Díaz. _94335 |
|
| 852 |
_aES-MaACL _jC-31818 _z(1967) |
||
| 852 |
_aES-MaACL _jC-45528 _z(1968) |
||
| 852 |
_aES-MaACL _jC-46660 _z(1969) |
||
| 852 |
_aES-MaACL _jC-41733 _z(1970) |
||
| 852 |
_aES-MaACL _jC-44021 _z(1971) |
||
| 852 |
_aES-MaACL _jC-43099 _z(1972) |
||
| 852 | 1 |
_aBA _jC-50790 _z(1973) |
|
| 866 | 0 | _o1967-1973 | |
| 999 |
_c54713 _d54713 |
||